Quels sont les téléphones les plus vendus au monde ? - Statistiques

Statistiques générales
  • Ce quiz a été pris 27 fois
  • Le résultat moyen est 4 sur 15
Statistiques - réponses
Marque Nombre (en millions) Année Modèle % Correct
Apple 156 2019 iPhone 11
96%
Apple 222 2014 iPhone 6
79%
Apple 157 2016 iPhone 7
79%
Apple 143 2012 iPhone 5
75%
Apple 174 2015 iPhone 6s
25%
Apple 151 2018 iPhone XR
17%
Apple 164 2013 iPhone 5s
13%
Nokia 161 1999 3210
8%
Nokia 250 2003 1100
4%
Nokia 248 2005 1100
4%
Nokia 150 2009 5230
4%
Nokia 200 2013 105
0%
Nokia 150 2007 1200
0%
Nokia 150 2003 6600
0%
Samsung 150 2009 E1100
0%
Aucun quiz correspondant
Distribution des résultats
% des personnes avec chaque résultat
Percentile par nombre de réponses
Votre historique - résultats
Vous n’avez pas pris ce quiz